| 000 | 01156cam a22003497a 4500 | ||
|---|---|---|---|
| 003 | CHAP | ||
| 005 | 20220329133355.0 | ||
| 008 | 971013s1991 r 00010 d | ||
| 010 | _a5624 | ||
| 011 | _a6596 | ||
| 035 | _a5817 | ||
| 040 | _cCHAP | ||
| 082 |
_a574.5 _bP75 |
||
| 100 | 0 | 0 |
_aPrimo Yúfera, Eduardo. _991641 |
| 245 | 0 |
_aEcología química _b: nuevos métodos de lucha contra insectos |
|
| 260 |
_aMadrid : _bMundi-Prensa, _c1991 |
||
| 300 | _a191 p. | ||
| 590 |
_aBATCH-UPD _b10 _c20130110 _lUCH01 _h0039 |
||
| 590 |
_aBATCH-UPD _b10 _c20130110 _lUCH01 _h1733 |
||
| 590 |
_aBATCH-UPD _b10 _c20130409 _lUCH01 _h2024 |
||
| 590 |
_aBATCH-UPD _b10 _c20130410 _lUCH01 _h1114 |
||
| 590 |
_aBATCH-UPD _b10 _c20130914 _lUCH01 _h1040 |
||
| 590 |
_aCONVERSION _b10 _c20130109 _lUCH01 _h1304 |
||
| 650 | 1 | 4 |
_aControl de plagas. _927595 |
| 650 | 1 | 4 |
_aEcología química. _935185 |
| 650 | 1 | 4 |
_aFeromonas. _940358 |
| 650 | 1 | 4 |
_aInsecticidas _xToxicidad. _958882 |
| 901 | _aBK | ||
| 942 | _cLIBRO | ||
| 949 |
_a574.5 P75 _bBC _cLIBRO _d33724000470308 _eLIBRO _fc.2 _h82950 _i5817 _si _t53.00 |
||
| 949 |
_a574.5 P75 _bBC _cLIBRO _d33724000470316 _eLIBRO _h82949 _i5817 _si _t53.00 |
||
| 999 |
_c5624 _d5624 |
||